| 000 | 01233nas a2200385 4500 | ||
|---|---|---|---|
| 001 | BR2021000365 | ||
| 003 | BR-BrBNA | ||
| 005 | 20231205132147.0 | ||
| 007 | ta | ||
| 008 | 230509b bl.|||p| |||| 00| 00por d | ||
| 040 |
_aBR-BrBNA _bpor _cBiblioteca Nacional de Agricultura |
||
| 041 | _a(Pt) | ||
| 072 | _aF01 | ||
| 100 | 1 | _aScavazza, A.L. | |
| 100 | 1 | _aSoares, M.R. | |
| 100 | 1 | _aCasagrande, J.C. | |
| 100 | 1 | _aMedeiros, S.D.S. de | |
| 100 | 1 | _aSanti, P.H.P. De | |
| 245 | 1 | _aProdução de fitomassa e extração de macronutrientes por plantas de cobertura cultivadas na estação seca | |
| 650 | _aGUANDU | ||
| 650 | _aMUCUNA PRETA | ||
| 650 | _aSTIZOLOBIUM ATERRIMUM | ||
| 650 | _aFEIJÃO DE PORCO | ||
| 650 | _aCANAVALIA ENSIFORMIS | ||
| 650 | _aCROTALÁRIA | ||
| 650 | _aMILHETO | ||
| 650 | _aBIOMASSA | ||
| 650 | _aNUTRIÇÃO | ||
| 650 | _aSAFRINHA | ||
| 773 | 0 |
_tNativa. Pesquisas Agrárias e Ambientais (Brazil) _xISSN 2318-7670 _g(Nov-Dec 2018), v. 6(6) p. 619-624 _wBR2021000365 |
|
| 856 | 4 | 0 | _uhttps://periodicoscientificos.ufmt.br/ojs/index.php/nativa/article/view/5609/5367 |
| 856 | 4 | 0 | _dLink DSPACE/MAPA BR2021000365 |
| 909 |
_a202311 _bLúcia _c55 _dLúcia Elande |
||
| 942 |
_2AGRIS _n0 _cANA |
||
| 999 |
_c258819 _d258819 |
||